00720cam a2200205Ii 4500020001800000020001500018040000800033082002600041245005300067300005200120490004900172650001400221650003200235650001400267650003400281650002400315710006000339710006100399856005400460 a9789251077252 a9251077258 cDKU04a636 FOO 2013 A090 Or.00aIn vivo conservation of animal genetic resources axxiv, 242 pages :bcolor illustrations ;c24 cm1 aFAO animal production and health guidelines, 0aLivestock 0aGermplasm resources, Animal12aLivestock12aAnimals, Genetically Modified22aGenetic Engineering2 aFood and Agriculture Organization of the United Nations2 aCommission on Genetic Resources for Food and Agriculture40uhttp://www.fao.org/docrep/018/i3327e/i3327e00.htm